Qué habla? /

Bibliographic Details
Main Author: Bordoni, Chiara
Format: Book
Language:Spanish
Published: [Madrid] : [Edaf], [1996]
Series:Colección Libro nido.
Subjects:

MARC

Tag First Indicator Second Indicator Subfields
LEADER 00000cam a2200000Ia 4500
001 in00001702002
005 20151024173658.0
008 970325s1996 sp a j 000 1 spa d
020 |a 8441400911 
035 |a (OCoLC)ocm36622812 
040 |a CS1  |c CS1  |d TXA  |d UtOrBLW 
041 1 |a spa  |h ita 
049 |a TXAM 
090 |a PZ73  |b .B633 1996 
092 |a E  |b Bordoni 
100 1 |a Bordoni, Chiara. 
245 1 0 |a Qué habla? /  |c [ilustraciones de Chiara Bordoni]. 
264 1 |a [Madrid] :  |b [Edaf],  |c [1996] 
264 4 |c [©1996] 
300 |a 22 unnumbered pages :  |b color illustrations ;  |c 15 cm. 
336 |a text  |b txt  |2 rdacontent 
337 |a unmediated  |b n  |2 rdamedia 
338 |a volume  |b nc  |2 rdacarrier 
490 1 |a Colección Libro nido 
500 |a Translated from the Italian. 
500 |a Cover title. 
500 |a On board pages. 
650 0 |a Children's stories, Italian  |x Translations into Spanish. 
830 0 |a Colección Libro nido. 
994 |a E0  |b TXA 
999 |a MARS 
999 f f |s f7417893-737b-3cdb-9569-899b75904cf6  |i 652f2598-e717-348e-a73b-a9c4f359a6dc  |t 0 
952 f f |p normal  |a Texas A&M University  |b College Station  |c Sterling C. Evans Library  |d Evans: Curriculum Collection (4th floor)  |t 0  |e PZ73 .B633 1996  |h Library of Congress classification  |i unmediated -- volume  |m A14829545260 
998 f f |a PZ73 .B633 1996  |t 0  |l Evans: Curriculum Collection (4th floor)